American public opinion and U.S. foreign policy. (Record no. 90076)
[ view plain ]
| 000 -LEADER | |
|---|---|
| fixed length control field | 01108cam a22002771 4500 |
| 001 - CONTROL NUMBER | |
| control field | sd 60000002 |
| 003 - CONTROL NUMBER IDENTIFIER | |
| control field | DLC |
| 005 - DATE AND TIME OF LATEST TRANSACTION | |
| control field | 20260227112736.0 |
| 008 - FIXED-LENGTH DATA ELEMENTS--GENERAL INFORMATION | |
| fixed length control field | 920417r19601959dcu f000 0 eng c |
| 010 ## - LIBRARY OF CONGRESS CONTROL NUMBER | |
| LC control number | sd 60000002 |
| 035 ## - SYSTEM CONTROL NUMBER | |
| System control number | (OCoLC)25667543 |
| 040 ## - CATALOGING SOURCE | |
| Original cataloging agency | U.S. Dept. of State. Library |
| Transcribing agency | DS |
| Modifying agency | DS |
| -- | DLC |
| 050 00 - LIBRARY OF CONGRESS CALL NUMBER | |
| Classification number | E744 |
| Item number | .F77 |
| 100 1# - MAIN ENTRY--PERSONAL NAME | |
| Personal name | Foster, H. Schuyler |
| Fuller form of name | (Harry Schuyler), |
| Dates associated with a name | 1905- |
| 245 10 - TITLE STATEMENT | |
| Title | American public opinion and U.S. foreign policy. |
| Remainder of title | [Address made before the Middletown University Club at Middletown, Conn., on Oct. 15, 1959. |
| 260 ## - PUBLICATION, DISTRIBUTION, ETC. | |
| Place of publication, distribution, etc. | Washington] |
| Name of publisher, distributor, etc. | Dept. of State |
| Date of publication, distribution, etc. | [1960] |
| 300 ## - PHYSICAL DESCRIPTION | |
| Extent | 19 p. |
| Dimensions | 22 x 10 cm. |
| 490 1# - SERIES STATEMENT | |
| Series statement | [U.S.] Dept. of State. Publication |
| Volume/sequential designation | 6925 |
| 490 1# - SERIES STATEMENT | |
| Series statement | General foreign policy series |
| Volume/sequential designation | 146 |
| 500 ## - GENERAL NOTE | |
| General note | "Reprinted from the Department of State bulletin of November 30, 1959." |
| 650 #0 - SUBJECT ADDED ENTRY--TOPICAL TERM | |
| Topical term or geographic name entry element | Public opinion |
| Geographic subdivision | United States. |
| 651 #0 - SUBJECT ADDED ENTRY--GEOGRAPHIC NAME | |
| Geographic name | United States |
| General subdivision | Relations. |
| 651 #0 - SUBJECT ADDED ENTRY--GEOGRAPHIC NAME | |
| Geographic name | United States |
| General subdivision | Public opinion. |
| 830 #0 - SERIES ADDED ENTRY--UNIFORM TITLE | |
| Uniform title | Department of State publication ; |
| Volume/sequential designation | 6925. |
| 830 #0 - SERIES ADDED ENTRY--UNIFORM TITLE | |
| Uniform title | Department of State publication. |
| Name of part/section of a work | General foreign policy series ; |
| Volume/sequential designation | 146. |
No items available.